[Event "Prague op 22nd"]
[Site "Prague"]
[Date "2024.01.12"]
[Round "9"]
[White "Teng, Jiarong"]
[Black "Sindler, Michal"]
[Result "1/2-1/2"]
[WhiteElo "2063"]
[BlackElo "2158"]
[PlyCount "32"]
[EventDate "2024.01.05"]
[EventType "swiss"]
[EventRounds "9"]
[EventCountry "CZE"]
[SourceTitle "CB03_2024"]
[SourceDate "2024.01.17"]
[SourceVersion "1"]
[SourceVersionDate "2024.01.17"]
[SourceQuality "1"]

1. e4 c5 2. Nf3 d6 3. d4 cxd4 4. Nxd4 Nf6 5. Nc3 Nc6 6. Bg5 e6 7. Qd2 a6 8. 0-0-0 Bd7 9. f4 b5 10. Bxf6 gxf6 11. f5 h5 12. Kb1 Qb6 13. Nxc6 Bxc6 14. Qe1 b4 15. Nd5 Bxd5 16. exd5 e5 1/2-1/2

[Event "Prague op 22nd"]
[Site "Prague"]
[Date "2024.01.09"]
[Round "6"]
[White "Sindler, Michal"]
[Black "Berin, Artem"]
[Result "0-1"]
[WhiteElo "2158"]
[BlackElo "2327"]
[PlyCount "76"]
[EventDate "2024.01.05"]
[EventType "swiss"]
[EventRounds "9"]
[EventCountry "CZE"]
[SourceTitle "CB03_2024"]
[SourceDate "2024.01.17"]
[SourceVersion "1"]
[SourceVersionDate "2024.01.17"]
[SourceQuality "1"]

1. e4 c5 2. Nf3 e6 3. Qe2 Nc6 4. g3 g6 5. Bg2 Bg7 6. 0-0 Nf6 7. c3 d5 8. e5 Nd7 9. d4 0-0 10. Na3 a6 11. Bf4 f6 12. exf6 Qxf6 13. Rad1 h6 14. Rfe1 cxd4 15. cxd4 Re8 16. h4 Qf7 17. Nc2 Nf6 18. Ne5 Nxe5 19. Bxe5 Bd7 20. Bxf6 Qxf6 21. h5 gxh5 22. Qxh5 Rf8 23. f4 Be8 24. Qg4 Bf7 25. Re2 Rac8 26. Ne1 Rce8 27. Nf3 Re7 28. Ne5 Be8 29. Bf3 h5 30. Qh3 Qf5 31. Qh1 Bf6 32. Rh2 Rg7 33. g4 Qxf4 34. Bxd5 Qe3+ 35. Rf2 Bxe5 36. Bxe6+ Kh7 37. Bf5+ Rxf5 38. dxe5 Qxf2# 0-1

[Event "Prague op 22nd"]
[Site "Prague"]
[Date "2024.01.05"]
[Round "1"]
[White "Pozniak, Yunna"]
[Black "Sindler, Michal"]
[Result "0-1"]
[WhiteElo "1820"]
[BlackElo "2158"]
[PlyCount "118"]
[EventDate "2024.01.05"]
[EventType "swiss"]
[EventRounds "9"]
[EventCountry "CZE"]
[SourceTitle "CB03_2024"]
[SourceDate "2024.01.17"]
[SourceVersion "1"]
[SourceVersionDate "2024.01.17"]
[SourceQuality "1"]

1. e4 c5 2. c3 d5 3. exd5 Qxd5 4. d4 e6 5. Nf3 Nf6 6. Na3 a6 7. Nc4 Nbd7 8. Be2 cxd4 9. cxd4 Nb6 10. b3 Qd8 11. 0-0 Be7 12. Bd3 0-0 13. Bd2 Nbd5 14. Rc1 b6 15. Nce5 Bb7 16. Nc6 Qd6 17. Nxe7+ Qxe7 18. Qe2 Qd6 19. Ne5 a5 20. Rc2 Rfc8 21. Rfc1 Rxc2 22. Rxc2 Rc8 23. Rxc8+ Bxc8 24. Nc4 Qd8 25. h3 h6 26. Qe5 Ba6 27. Qe2 Ne7 28. Ne5 Bb7 29. Be3 Qd5 30. Nf3 Nc6 31. Bc4 Qd6 32. Qd2 Nb4 33. Bf4 Qd8 34. Ne5 Ne4 35. Qd1 Nxa2 36. Qh5 Qf6 37. Be3 Nb4 38. Nd7 Qd8 39. Ne5 Qe7 40. Qg4 Kf8 41. Qf4 Nf6 42. Ng4 Ne8 43. Ne5 Kg8 44. Qg3 Kh8 45. Qf4 Nf6 46. Qh4 Nbd5 47. Bd2 Kg8 48. Qg3 Ne4 49. Qd3 Nb4 50. Bxb4 Qxb4 51. Qe2 Qd2 52. Nd7 Qxd4 53. Nb8 Qa1+ 54. Qf1 Qe5 55. Na6 Nd2 56. Qd3 Qe1+ 57. Kh2 Qxf2 58. Qd8+ Kh7 59. Bd3+ f5 0-1

[Event "CZE-chT1W 2223"]
[Site "Czech Republic"]
[Date "2023.04.02"]
[Round "11.1"]
[White "Ksana, Vaclav"]
[Black "Sindler, Michal"]
[Result "1-0"]
[WhiteElo "2203"]
[BlackElo "2118"]
[PlyCount "61"]
[EventDate "2022.10.09"]
[EventType "team-tourn"]
[EventRounds "11"]
[EventCountry "CZE"]
[SourceTitle "EXT 2024"]
[Source "ChessBase"]
[SourceDate "2023.10.10"]
[SourceVersion "1"]
[SourceVersionDate "2023.10.10"]
[SourceQuality "1"]
[WhiteTeam "Litomerice Slavoj"]
[BlackTeam "Pankrac"]
[WhiteTeamCountry "CZE"]
[BlackTeamCountry "CZE"]

1. e4 c5 2. b4 cxb4 3. a3 d5 4. exd5 Qxd5 5. Nf3 e5 6. Bb2 Nc6 7. c4 bxc3 8. Nxc3 Qa5 9. Bc4 Nh6 10. 0-0 Bc5 11. d4 Bxd4 12. Nxd4 Nxd4 13. Nb5 0-0 14. Nxd4 exd4 15. Qxd4 Qg5 16. Rfe1 Bg4 17. Re5 Qf6 18. Qe3 Rac8 19. Rb5 Qg6 20. Rg5 Rxc4 21. Rxg6 hxg6 22. h3 Bd7 23. Qe5 Nf5 24. g4 Re8 25. Qd5 Be6 26. Qb5 Nd6 27. Qe5 Nf5 28. gxf5 f6 29. Qb5 Bf7 30. fxg6 Rg4+ 31. hxg4 1-0

[Event "CZE-chT2B 2223"]
[Site "Czech Republic"]
[Date "2023.02.19"]
[Round "9.3"]
[White "Chernyy, Andrey"]
[Black "Sindler, Michal"]
[Result "1/2-1/2"]
[WhiteElo "1654"]
[BlackElo "2118"]
[PlyCount "28"]
[EventDate "2022.10.16"]
[EventType "team-tourn"]
[EventRounds "11"]
[EventCountry "CZE"]
[SourceTitle "EXT 2024"]
[Source "ChessBase"]
[SourceDate "2023.10.10"]
[SourceVersion "1"]
[SourceVersionDate "2023.10.10"]
[SourceQuality "1"]
[WhiteTeam "Aurora"]
[BlackTeam "Pankrac II"]
[WhiteTeamCountry "CZE"]
[BlackTeamCountry "CZE"]

1. e4 c5 2. Nf3 Nc6 3. Bb5 d6 4. d4 cxd4 5. Qxd4 Bd7 6. Bxc6 Bxc6 7. Nc3 Nf6 8. Bg5 e6 9. 0-0-0 Be7 10. Qd3 a6 11. Nd4 Rc8 12. f4 0-0 13. h4 Qc7 14. h5 h6 1/2-1/2

[Event "Prague op 21st"]
[Site "Prague"]
[Date "2023.01.10"]
[Round "6"]
[White "Sindler, Michal"]
[Black "Vojta, Jakub"]
[Result "1/2-1/2"]
[WhiteElo "2141"]
[BlackElo "2288"]
[PlyCount "28"]
[EventDate "2023.01.06"]
[EventType "swiss"]
[EventRounds "9"]
[EventCountry "CZE"]
[SourceTitle "CBM 212 Extra"]
[Source "ChessBase"]
[SourceDate "2023.03.31"]
[SourceVersion "1"]
[SourceVersionDate "2023.03.31"]
[SourceQuality "1"]

1. e4 c5 2. Nf3 Nc6 3. Bb5 Qb6 4. Nc3 e6 5. 0-0 Nge7 6. Re1 a6 7. Bxc6 Nxc6 8. b3 Be7 9. Bb2 0-0 10. Nd5 exd5 11. exd5 Qd8 12. dxc6 dxc6 13. Ne5 Bf6 14. Qf3 Be6 1/2-1/2

[Event "Prague op 21st"]
[Site "Prague"]
[Date "2023.01.08"]
[Round "4"]
[White "Sindler, Michal"]
[Black "Goroshkov, Maksym"]
[Result "1/2-1/2"]
[WhiteElo "2141"]
[BlackElo "2261"]
[PlyCount "52"]
[EventDate "2023.01.06"]
[EventType "swiss"]
[EventRounds "9"]
[EventCountry "CZE"]
[SourceTitle "CBM 212 Extra"]
[Source "ChessBase"]
[SourceDate "2023.03.31"]
[SourceVersion "1"]
[SourceVersionDate "2023.03.31"]
[SourceQuality "1"]

1. e4 e5 2. Nf3 Nc6 3. Bb5 a6 4. Ba4 Nf6 5. 0-0 Be7 6. Re1 b5 7. Bb3 0-0 8. h3 d6 9. c3 Na5 10. Bc2 c5 11. d4 Nc6 12. Nbd2 Bb7 13. d5 Nb8 14. a4 Nbd7 15. b3 Ne8 16. Nf1 g6 17. Ng3 Bf6 18. Bd2 Bg7 19. Qe2 Nc7 20. Bd3 c4 21. bxc4 bxa4 22. Reb1 Bc8 23. Bc2 Nc5 24. Bxa4 Bd7 25. Bxd7 Qxd7 26. Ne1 Rfb8 1/2-1/2

[Event "Prague Summer op-A 8th"]
[Site "Prague"]
[Date "2021.08.13"]
[Round "9"]
[White "Sindler, Michal"]
[Black "Mladek, Richard"]
[Result "1/2-1/2"]
[WhiteElo "2122"]
[BlackElo "2315"]
[PlyCount "131"]
[EventDate "2021.08.06"]
[EventType "swiss"]
[EventRounds "9"]
[EventCountry "CZE"]
[SourceTitle "CBM 203 Extra"]
[Source "ChessBase"]
[SourceDate "2021.09.30"]
[SourceVersion "1"]
[SourceVersionDate "2021.09.30"]
[SourceQuality "1"]

1. e4 d6 2. d4 f5 3. exf5 Bxf5 4. Bd3 Qd7 5. Nf3 Nc6 6. 0-0 Nf6 7. c4 e5 8. Bxf5 Qxf5 9. d5 Nd8 10. Nc3 Be7 11. Qa4+ c6 12. dxc6 bxc6 13. Re1 Nd7 14. Be3 g5 15. b4 0-0 16. b5 cxb5 17. Nxb5 Nb7 18. Qd1 g4 19. Qd5+ Kh8 20. Nfd4 exd4 21. Bxd4+ Ne5 22. Qxb7 Bf6 23. Nxd6 Qf4 24. Re4 Nf3+ 25. gxf3 Qxd6 26. Qd5 Qxd5 27. cxd5 gxf3 28. Kh1 Bxd4 29. Rxd4 Rae8 30. d6 Re2 31. d7 Rd8 32. h3 Kg7 33. Rc1 Kf6 34. Rf4+ Ke6 35. Rxf3 Rxd7 36. Rc6+ Kd5 37. Ra6 Ke4 38. Kg2 Rb2 39. Ra4+ Ke5 40. Re3+ Kf5 41. Rb3 Rxb3 42. axb3 Rb7 43. f3 Rxb3 44. Rxa7 h6 45. Kg3 Rb5 46. Ra8 Kg5 47. Re8 Kh5 48. Re6 Rf5 49. f4 Ra5 50. Re3 Rf5 51. h4 Kg6 52. Re6+ Kg7 53. Kg4 Rb5 54. h5 Rb1 55. Re7+ Kf6 56. Rh7 Rg1+ 57. Kf3 Rf1+ 58. Kg3 Kf5 59. Rf7+ Ke4 60. Rf6 Rg1+ 61. Kh2 Rg4 62. Kh3 Rxf4 63. Rxh6 Kf5 64. Rg6 Rf1 65. Kg2 Rf4 66. Kg3 1/2-1/2

[Event "Prague op-A 19th"]
[Site "Prague"]
[Date "2020.01.12"]
[Round "4"]
[White "Mis, Mieszko"]
[Black "Sindler, Michal"]
[Result "1-0"]
[WhiteElo "2349"]
[BlackElo "2119"]
[PlyCount "65"]
[EventDate "2020.01.10"]
[EventType "swiss"]
[EventRounds "9"]
[EventCountry "CZE"]
[SourceTitle "CBM 194 Extra"]
[Source "ChessBase"]
[SourceDate "2020.03.31"]
[SourceVersion "1"]
[SourceVersionDate "2020.03.31"]
[SourceQuality "1"]

1. d4 Nf6 2. c4 g6 3. g3 Bg7 4. Bg2 0-0 5. Nc3 d6 6. Nf3 c6 7. 0-0 Qa5 8. e4 e5 9. h3 Nbd7 10. Re1 exd4 11. Nxd4 Ne5 12. Bf1 Re8 13. Be3 c5 14. Nb3 Qb4 15. Bd2 Qb6 16. Nb5 Be6 17. Ba5 Qc6 18. Nc7 Nxc4 19. Nxa8 Rxa8 20. Bc3 Qc7 21. Qc2 Nb6 22. e5 dxe5 23. Bxe5 Qc8 24. Qxc5 Bxh3 25. Qxc8+ Bxc8 26. Bg2 Nc4 27. Bd4 Be6 28. Rac1 Nb6 29. Nc5 Bxa2 30. b3 Rd8 31. Bxf6 Bxf6 32. Re2 Bg5 33. f4 1-0

[Event "Prague op-A 19th"]
[Site "Prague"]
[Date "2020.01.11"]
[Round "3"]
[White "Sindler, Michal"]
[Black "Tejkal, Jiri"]
[Result "1-0"]
[WhiteElo "2119"]
[BlackElo "1878"]
[PlyCount "51"]
[EventDate "2020.01.10"]
[EventType "swiss"]
[EventRounds "9"]
[EventCountry "CZE"]
[SourceTitle "CBM 195 Extra"]
[Source "ChessBase"]
[SourceDate "2020.05.31"]
[SourceVersion "1"]
[SourceVersionDate "2020.05.31"]
[SourceQuality "1"]

1. e4 c6 2. d4 d5 3. exd5 cxd5 4. Bd3 Nf6 5. c3 Bg4 6. Qb3 Qc8 7. h3 Bd7 8. Bf4 Nc6 9. Nd2 g6 10. Ngf3 Bg7 11. 0-0 0-0 12. Ne5 Be6 13. Rfe1 a6 14. Qc2 Bf5 15. Nxc6 bxc6 16. Bxf5 gxf5 17. Rxe7 Nh5 18. Bh2 f4 19. Nb3 Bf6 20. Ree1 Bg5 21. Nc5 Kh8 22. Qe2 Nf6 23. Qe5 Rg8 24. Bxf4 Bh4 25. Bg3 Bg5 26. h4 1-0

[Event "CZE-chT2C 1920"]
[Site "Czech Republic"]
[Date "2019.11.03"]
[Round "2.4"]
[White "Sindler, Michal"]
[Black "Sykora, Marek1111"]
[Result "1/2-1/2"]
[WhiteElo "2129"]
[BlackElo "2157"]
[PlyCount "77"]
[EventDate "2019.10.13"]
[EventType "team-tourn"]
[EventRounds "11"]
[EventCountry "CZE"]
[SourceTitle "EXT 2024"]
[Source "ChessBase"]
[SourceDate "2023.10.10"]
[SourceVersion "1"]
[SourceVersionDate "2023.10.10"]
[SourceQuality "1"]
[WhiteTeam "Ricany 1925"]
[BlackTeam "Turnov Zikuda III"]
[WhiteTeamCountry "CZE"]
[BlackTeamCountry "CZE"]

1. e4 e5 2. Nf3 Nc6 3. Bb5 a6 4. Ba4 Nf6 5. 0-0 b5 6. Bb3 Be7 7. Re1 0-0 8. h3 d6 9. c3 Na5 10. Bc2 c5 11. d4 Qc7 12. Nbd2 Bb7 13. d5 c4 14. Nf1 Bc8 15. N3h2 Nb7 16. f4 exf4 17. Bxf4 Nd7 18. Qd2 Ne5 19. b4 cxb3 20. axb3 Nc5 21. Ng3 g6 22. Bh6 Re8 23. Rf1 a5 24. Nf3 a4 25. b4 Ncd7 26. Bd3 Nxf3+ 27. Rxf3 Ne5 28. Rff1 Bd7 29. Ne2 Rac8 30. Rac1 Qb6+ 31. Be3 Bg5 32. Nf4 Qc7 33. Bd4 Bh6 34. Qf2 Bg7 35. Be2 Rf8 36. Nd3 Rce8 37. Nxe5 Bxe5 38. Bd3 f6 39. Rc2 1/2-1/2

[Event "CZE-chT2A 1819"]
[Site "Czech Republic"]
[Date "2019.02.10"]
[Round "8.3"]
[White "Simet, Martin"]
[Black "Sindler, Michal"]
[Result "1/2-1/2"]
[WhiteElo "2160"]
[BlackElo "2223"]
[PlyCount "77"]
[EventDate "2018.10.14"]
[EventType "team-tourn"]
[EventRounds "11"]
[EventCountry "CZE"]
[SourceTitle "EXT 2022"]
[Source "ChessBase"]
[SourceDate "2021.10.06"]
[SourceVersion "1"]
[SourceVersionDate "2021.10.06"]
[SourceQuality "1"]
[WhiteTeam "Klatovy"]
[BlackTeam "Ricany"]
[WhiteTeamCountry "CZE"]
[BlackTeamCountry "CZE"]

1. d4 Nf6 2. Bf4 g6 3. e3 Bg7 4. Nf3 0-0 5. h3 d6 6. c3 c5 7. Be2 b6 8. 0-0 Bb7 9. Nbd2 Nbd7 10. a4 a6 11. Qb3 Ra7 12. Rfc1 Qa8 13. Bh2 Bh6 14. Ne1 Rb8 15. Qa3 Ne4 16. Nxe4 Bxe4 17. Bf3 Rc8 18. Rd1 Nf6 19. a5 b5 20. dxc5 Rxc5 21. Rd4 Rac7 22. Rad1 Rc8 23. Qa2 Rc4 24. Bxe4 Nxe4 25. Nc2 Bg7 26. Rxc4 Rxc4 27. f3 Ra4 28. Qb1 Nf6 29. e4 Nd7 30. Nb4 Rxa5 31. Nd5 Bf8 32. Kh1 Qb7 33. Bg1 b4 34. Nxb4 Rb5 35. Rd5 a5 36. Rxb5 Qxb5 37. Nd5 e6 38. Ne3 Ne5 39. Qc2 1/2-1/2

[Event "Prague op-A 18th"]
[Site "Prague"]
[Date "2019.01.17"]
[Round "8"]
[White "Sindler, Michal"]
[Black "Gschnitzer, Oswald"]
[Result "1/2-1/2"]
[WhiteElo "2221"]
[BlackElo "2370"]
[PlyCount "109"]
[EventDate "2019.01.11"]
[EventType "swiss"]
[EventRounds "9"]
[EventCountry "CZE"]
[SourceTitle "CBM 188 Extra"]
[Source "ChessBase"]
[SourceDate "2019.02.26"]
[SourceVersion "1"]
[SourceVersionDate "2019.02.26"]
[SourceQuality "1"]

1. e4 c5 2. Nf3 Nc6 3. Bb5 d6 4. Bxc6+ bxc6 5. 0-0 Bg4 6. h3 Bh5 7. c3 Nf6 8. Re1 e6 9. d4 Nd7 10. Nbd2 Be7 11. b3 0-0 12. Bb2 d5 13. c4 cxd4 14. g4 Bg6 15. Nxd4 Bc5 16. cxd5 cxd5 17. exd5 exd5 18. Qf3 Nf6 19. Nf5 d4 20. Re5 Rc8 21. Nc4 Re8 22. Rd1 Rxe5 23. Nxe5 Bxf5 24. Qxf5 Rc7 25. Nf3 g6 26. Qe5 Bb6 27. Bxd4 Bxd4 28. Rxd4 Nd7 29. Qd6 Qc8 30. Rf4 Nf8 31. Qd5 Rc1+ 32. Kg2 Ne6 33. Rc4 Rxc4 34. Qxc4 Qb7 35. Qc1 g5 36. Qe3 h6 37. h4 Nf4+ 38. Kh2 Qc7 39. hxg5 Ne6+ 40. Kg1 hxg5 41. Nxg5 Nf4 42. Ne4 Qe5 43. Ng3 Qa1+ 44. Kh2 Qf6 45. Nf5 Ne6 46. Qxa7 Qe5+ 47. Ng3 Qf4 48. Qe3 Qxg4 49. Qe4 Qd1 50. Qe2 Qd5 51. Qg4+ Kf8 52. Qb4+ Kg8 53. Qb8+ Kg7 54. Qb4 Qf3 55. Kg1 1/2-1/2

[Event "Prague op-A 18th"]
[Site "Prague"]
[Date "2019.01.12"]
[Round "2"]
[White "Sindler, Michal"]
[Black "Xiang, Zeyu"]
[Result "0-1"]
[WhiteElo "2221"]
[BlackElo "2440"]
[PlyCount "62"]
[EventDate "2019.01.11"]
[EventType "swiss"]
[EventRounds "9"]
[EventCountry "CZE"]
[SourceTitle "CBM 188 Extra"]
[Source "ChessBase"]
[SourceDate "2019.02.26"]
[SourceVersion "1"]
[SourceVersionDate "2019.02.26"]
[SourceQuality "1"]

1. e4 c5 2. Nf3 e6 3. d3 d5 4. Nbd2 Nc6 5. g3 Nf6 6. Bg2 Be7 7. 0-0 0-0 8. Re1 Rb8 9. e5 Nd7 10. h4 Qc7 11. Nf1 b5 12. Bf4 a5 13. N1h2 Kh8 14. Ng5 g6 15. Ng4 h5 16. Nh6 Bxg5 17. hxg5 Bb7 18. g4 h4 19. Bh2 d4 20. Qf3 Nb4 21. Qh3 Kg7 22. Qxh4 Rh8 23. Re2 Bxg2 24. Kxg2 Qc6+ 25. Kg1 Qf3 26. Rae1 c4 27. Re4 Nxc2 28. Rc1 cxd3 29. Rf4 d2 30. Rxf3 dxc1Q+ 31. Kg2 Ne1+ 0-1

[Event "CZE-chT2A 1819"]
[Site "Czech Republic"]
[Date "2018.10.14"]
[Round "1.3"]
[White "Sindler, Michal"]
[Black "Hrdina, Robin"]
[Result "1/2-1/2"]
[WhiteElo "2223"]
[BlackElo "2246"]
[PlyCount "78"]
[EventDate "2018.10.14"]
[EventType "team-tourn"]
[EventRounds "11"]
[EventCountry "CZE"]
[SourceTitle "EXT 2022"]
[Source "ChessBase"]
[SourceDate "2021.10.06"]
[SourceVersion "1"]
[SourceVersionDate "2021.10.06"]
[SourceQuality "1"]
[WhiteTeam "Ricany"]
[BlackTeam "Vlasim"]
[WhiteTeamCountry "CZE"]
[BlackTeamCountry "CZE"]

1. e4 e5 2. Nf3 Nc6 3. Bb5 a6 4. Ba4 Nf6 5. d3 d6 6. c3 g6 7. d4 Bd7 8. d5 Ne7 9. Bxd7+ Qxd7 10. Nbd2 Bg7 11. 0-0 0-0 12. Re1 h6 13. c4 Nh5 14. Nf1 f5 15. Ng3 Nxg3 16. hxg3 g5 17. exf5 Qxf5 18. Qe2 Rae8 19. Be3 Ng6 20. Rac1 Nf4 21. Bxf4 gxf4 22. gxf4 Qxf4 23. Qe4 Qxe4 24. Rxe4 Rf4 25. Rxf4 exf4 26. Rc2 b6 27. b3 Kf7 28. Kf1 Be5 29. Re2 Re7 30. Re4 Kf6 31. Ne1 Kf5 32. f3 h5 33. Nd3 Rh7 34. b4 h4 35. c5 h3 36. gxh3 Rxh3 37. Kg2 Rg3+ 38. Kf2 Rh3 39. Kg2 Rg3+ 1/2-1/2

[Event "CZE-chT2C 1718"]
[Site "Czech Republic"]
[Date "2017.12.03"]
[Round "4.3"]
[White "Sindler, Michal"]
[Black "Pribylova, Sofie"]
[Result "1/2-1/2"]
[WhiteElo "2213"]
[BlackElo "1972"]
[PlyCount "132"]
[EventDate "2017.10.15"]
[EventType "team-tourn"]
[EventRounds "11"]
[EventCountry "CZE"]
[SourceTitle "EXT 2022"]
[Source "ChessBase"]
[SourceDate "2021.10.06"]
[SourceVersion "1"]
[SourceVersionDate "2021.10.06"]
[SourceQuality "1"]
[WhiteTeam "Ricany"]
[BlackTeam "Kolin"]
[WhiteTeamCountry "CZE"]
[BlackTeamCountry "CZE"]

1. d4 Nf6 2. Bf4 c5 3. d5 Qb6 4. Nc3 Qxb2 5. Bd2 Qb6 6. e4 d6 7. f4 Nbd7 8. Nf3 Qc7 9. Qe2 Nb6 10. Nb5 Qd8 11. c4 Bd7 12. Nc3 Bg4 13. Rb1 g6 14. h3 Bxf3 15. gxf3 Bg7 16. Rg1 Nfd7 17. Nb5 0-0 18. Bc3 Bh6 19. Bd2 a6 20. Na3 e6 21. Qf2 Bg7 22. Nc2 exd5 23. cxd5 Qe7 24. Kd1 Na4 25. Rxb7 Rfb8 26. Rxb8+ Rxb8 27. Bxa6 f5 28. Qe3 fxe4 29. fxe4 Rb1+ 30. Bc1 Nc3+ 31. Kd2 Nxe4+ 32. Kd3 c4+ 33. Bxc4 Ndc5+ 34. Ke2 Nc3+ 35. Kf3 Qh4 36. Kg2 N3e4 37. Ba3 Rxg1+ 38. Kxg1 Bh6 39. Bc1 Ng3 40. Kg2 Nf5 41. Qe8+ Bf8 42. Qe1 Qf6 43. Bd2 Nh4+ 44. Kh1 Nf3 45. Qe3 Qf5 46. Qxf3 Qxc2 47. Qe2 Ne4 48. Be1 Qb1 49. Bd3 Ng3+ 50. Kh2 Nxe2 51. Bxb1 Nxf4 52. a4 Bg7 53. a5 Kf8 54. Bg3 Nxd5 55. Bxd6+ Ke8 56. Be4 Kd7 57. Bg3 Nc7 58. Bf2 Kc8 59. Kg3 Bc3 60. Bb6 Kb8 61. Kg4 Bd2 62. h4 Na8 63. Bd8 Nc7 64. h5 gxh5+ 65. Kxh5 Bxa5 66. Bxh7 Kc8 1/2-1/2

[Event "CZE-chT2C 1718"]
[Site "Czech Republic"]
[Date "2017.11.05"]
[Round "2.4"]
[White "Pychova, Nela"]
[Black "Sindler, Michal"]
[Result "0-1"]
[WhiteElo "2115"]
[BlackElo "2213"]
[PlyCount "68"]
[EventDate "2017.10.15"]
[EventType "team-tourn"]
[EventRounds "11"]
[EventCountry "CZE"]
[SourceTitle "EXT 2022"]
[Source "ChessBase"]
[SourceDate "2021.10.06"]
[SourceVersion "1"]
[SourceVersionDate "2021.10.06"]
[SourceQuality "1"]
[WhiteTeam "Vlasim"]
[BlackTeam "Ricany"]
[WhiteTeamCountry "CZE"]
[BlackTeamCountry "CZE"]

1. Nf3 Nf6 2. g3 g6 3. Bg2 Bg7 4. 0-0 0-0 5. d3 d6 6. c4 c6 7. Nc3 a5 8. Bd2 Na6 9. a3 Bg4 10. h3 Bd7 11. Rb1 e5 12. b4 axb4 13. axb4 Nc7 14. Qc2 Qe7 15. Kh2 d5 16. cxd5 cxd5 17. e3 Nb5 18. Nxb5 Bxb5 19. Rfc1 Ra3 20. Ne1 Rd8 21. Bc3 Raa8 22. Qb2 d4 23. exd4 exd4 24. Bd2 Nd5 25. Bxd5 Rxd5 26. Bf4 g5 27. Bd2 Qe6 28. Nf3 Qe2 29. Ne1 Qxf2+ 30. Ng2 Be5 31. Bf4 Qxb2 32. Rxb2 gxf4 33. gxf4 Bd6 34. Rg1 Kf8 0-1

[Event "Prague Summer op 4th"]
[Site "Prague"]
[Date "2017.08.06"]
[Round "4"]
[White "Plischki, Sebastian"]
[Black "Sindler, Michal"]
[Result "1-0"]
[WhiteElo "2383"]
[BlackElo "2201"]
[PlyCount "109"]
[EventDate "2017.08.04"]
[EventType "swiss"]
[EventRounds "9"]
[EventCountry "CZE"]
[SourceTitle "CBM 179 Extra"]
[Source "ChessBase"]
[SourceDate "2017.08.23"]
[SourceVersion "1"]
[SourceVersionDate "2017.08.23"]
[SourceQuality "1"]

1. d4 Nf6 2. c4 g6 3. g3 Bg7 4. Bg2 0-0 5. Nc3 c6 6. e4 d6 7. Nf3 Qa5 8. 0-0 Qh5 9. Ng5 h6 10. Qxh5 Nxh5 11. Nf3 Be6 12. d5 cxd5 13. cxd5 Bd7 14. h3 Na6 15. g4 Nf6 16. e5 dxe5 17. Nxe5 Rad8 18. Bf4 Bc8 19. Rad1 Nd7 20. Rfe1 Nxe5 21. Bxe5 Rfe8 22. Bxg7 Kxg7 23. Nb5 Bd7 24. Bf1 Kf8 25. Nxa7 Nc7 26. Rxe7 Rxe7 27. d6 Be6 28. dxe7+ Kxe7 29. Rxd8 Kxd8 30. a3 Bd5 31. Nb5 Nxb5 32. Bxb5 g5 33. Bf1 Kc7 34. Kh2 f6 35. Kg3 Kd6 36. b4 Ke5 37. a4 Kd4 38. a5 Kc3 39. b5 Kb4 40. a6 bxa6 41. bxa6 Ka5 42. f3 Kb6 43. Kf2 Bf7 44. Ke3 h5 45. Kd4 hxg4 46. hxg4 Be6 47. Bd3 Bf7 48. a7 Kxa7 49. Kc5 Bb3 50. Kd6 Bd1 51. Be4 f5 52. gxf5 g4 53. f6 g3 54. f4 Bc2 55. Bg2 1-0

[Event "Prague op 16th"]
[Site "Prague"]
[Date "2017.01.16"]
[Round "5"]
[White "Lovkov, Roman"]
[Black "Sindler, Michal"]
[Result "1-0"]
[WhiteElo "2433"]
[BlackElo "2224"]
[PlyCount "61"]
[EventDate "2017.01.13"]
[EventType "swiss"]
[EventRounds "9"]
[EventCountry "CZE"]
[SourceTitle "CBM 176 Extra"]
[Source "ChessBase"]
[SourceDate "2017.03.02"]
[SourceVersion "1"]
[SourceVersionDate "2017.03.02"]
[SourceQuality "1"]

1. d4 Nf6 2. c4 d6 3. Nf3 g6 4. g3 Bg7 5. Bg2 0-0 6. Nc3 c6 7. 0-0 Qa5 8. e4 Bg4 9. h3 Bxf3 10. Bxf3 e5 11. d5 cxd5 12. cxd5 Rc8 13. Qe2 Nbd7 14. Bd2 Qd8 15. Rfc1 a6 16. h4 h5 17. Bg2 b5 18. Bh3 Rc7 19. b4 Rc4 20. a4 Rxb4 21. Bxd7 Nxd7 22. Nxb5 Rb2 23. Nxd6 Nb6 24. Rc6 Bf8 25. Nxf7 Kxf7 26. Qf3+ Kg7 27. Bc3 Rb4 28. Bxe5+ Kh6 29. Qf4+ Kh7 30. Qf7+ Kh6 31. Qxg6# 1-0

[Event "Prague op 16th"]
[Site "Prague"]
[Date "2017.01.14"]
[Round "3"]
[White "Krishna, C Revanth Gopala"]
[Black "Sindler, Michal"]
[Result "1-0"]
[WhiteElo "2404"]
[BlackElo "2224"]
[PlyCount "83"]
[EventDate "2017.01.13"]
[EventType "swiss"]
[EventRounds "9"]
[EventCountry "CZE"]
[SourceTitle "CBM 176 Extra"]
[Source "ChessBase"]
[SourceDate "2017.03.02"]
[SourceVersion "1"]
[SourceVersionDate "2017.03.02"]
[SourceQuality "1"]

1. d4 Nf6 2. c4 g6 3. g3 Bg7 4. Bg2 0-0 5. Nc3 d6 6. Nf3 c6 7. 0-0 Qa5 8. e4 Qh5 9. Ng5 h6 10. Qxh5 Nxh5 11. Nf3 Be6 12. e5 Bxc4 13. g4 Bxf1 14. Kxf1 dxe5 15. dxe5 Nd7 16. gxh5 g5 17. Ke2 g4 18. Nd4 e6 19. f4 gxf3+ 20. Nxf3 Kh7 21. Bf4 f6 22. Rd1 fxe5 23. Bxh6 Kxh6 24. Rxd7 Rab8 25. Ne4 Rfd8 26. Rxd8 Rxd8 27. Nfg5 Kxh5 28. Nxe6 Rd7 29. Ng3+ Kg6 30. Be4+ Kf7 31. Nc5 Rc7 32. Nf5 Bf8 33. Nd3 Ke6 34. h4 c5 35. Ne3 b5 36. Bf5+ Kd6 37. Nf2 e4 38. Bxe4 Ke5 39. h5 Re7 40. h6 Kf4 41. h7 Bg7 42. Nd5+ 1-0

[Event "Prague op 16th"]
[Site "Prague"]
[Date "2017.01.14"]
[Round "2"]
[White "Sindler, Michal"]
[Black "Svetly, Jiri"]
[Result "1-0"]
[WhiteElo "2224"]
[BlackElo "1913"]
[PlyCount "60"]
[EventDate "2017.01.13"]
[EventType "swiss"]
[EventRounds "9"]
[EventCountry "CZE"]
[SourceTitle "CBM 176 Extra"]
[Source "ChessBase"]
[SourceDate "2017.03.02"]
[SourceVersion "1"]
[SourceVersionDate "2017.03.02"]
[SourceQuality "1"]

1. e4 d6 2. d4 Nf6 3. Nc3 g6 4. Be3 Bg7 5. Qd2 c6 6. h3 b5 7. Bd3 0-0 8. Nf3 a5 9. 0-0 Ba6 10. a3 e6 11. Bg5 Qb6 12. Qf4 Nh5 13. Qxd6 Re8 14. g4 Bf8 15. Qh2 Ng7 16. e5 Nd7 17. Ne4 Rec8 18. Be3 b4 19. Bxa6 Rxa6 20. Qf4 h6 21. Qxh6 Nf5 22. Qf4 Bh6 23. Nfg5 f6 24. Nxf6+ Nxf6 25. exf6 Bxg5 26. Qxg5 Kf7 27. gxf5 exf5 28. Qh6 Qd8 29. Qg7+ Ke6 30. Rfe1 Qf8 1-0